| 000 | 00720cab a2200217 4500 | ||
|---|---|---|---|
| 001 | ABS54925 | ||
| 008 | 090401t1996 xxu||||| |||| 00| 0 eng d | ||
| 035 | _a(Sirsi) u13140 | ||
| 041 | _aeng | ||
| 245 | _aRetail | ||
| 260 | _c1996 | ||
| 350 | _a0 | ||
| 490 |
_aProperty Week _v55(2) 11 April 1996, 32-39(5) |
||
| 520 | _aCompares Eddie Healey`s glass domed shopping centres in Oberhausen, Germany and Meadowhall near Sheffield, profiles retail developer Arrowcroft concluding with the growth of factory outlets. | ||
| 650 | _aFACTORY SHOPS | ||
| 650 | _aMEADOWHALL SHOPPING CENTRE | ||
| 650 | _aSHOPPING CENTRES | ||
| 690 | _aPROPERTY-COMMERCIAL PROPERTY-RETAIL PROPERTY | ||
| 942 | _n0 | ||
| 948 | _c04/03/1997 | ||
| 999 |
_c8449 _d8449 |
||